000 00579nam a2200193 i 4500
001 42732
003 ES-MaACL
005 20250811041352.0
007 t|
008 030313s1975 sp ||||1| spa d
080 _a07 Borrego, Andrés
100 1 _aCastro, Concepción de.
_936842
245 1 0 _aRomanticismo, periodismo y política
_b: Andrés Borrego /
_cConcepción de Castro.
260 _aMadrid :
_bTecnos,
_c[1975]
300 _a451 p. ;
_c24 cm.
600 1 4 _aBorrego, Andrés,
_d1802-1891
_930570
852 _aES-MaACL
_jL-6031
_bR.106467
999 _c42732
_d42732